| 000 | 00815nam a2200157 a 4500 | ||
|---|---|---|---|
| 008 | 120416s0000 ||||||||||||||||| || u | ||
| 020 | _a007462363X | ||
| 050 | _aTA 1145 Rao | ||
| 100 | _aRao, Venkatappa G | ||
| 245 | 1 | 0 | _aPrinciples of transportation and highway engineering |
| 260 |
_aNew Delhi _bTata McGraw-Hill _c1996 |
||
| 350 | _a0.00 | ||
| 995 |
_aBINDERY (DAMAGED) _D0.00 _e732884 _FCBU-MAIN LIBRARY (Kitwe) _H1 _I27.95 _jTA 1145 Rao _M1 _UAVAILABLE _y44330 _ZMain Library Open Access Collection |
||
| 995 |
_aMAIN LIBRARY OPEN ACCESS _D0.00 _e732885 _FCBU-MAIN LIBRARY (Kitwe) _H3 _I27.95 _jTA 1145 Rao _M3 _UAVAILABLE _y44332 _ZMain Library Open Access Collection |
||
| 995 |
_aMAIN LIBRARY OPEN ACCESS _D0.00 _e44331 _FCBU-MAIN LIBRARY (Kitwe) _H2 _I27.95 _jTA 1145 Rao _M2 _UAVAILABLE _y44331 _ZMain Library Open Access Collection |
||
| 999 |
_c77362 _d77362 |
||